Опровержение на възражението на Великата църква против издадените от правителството проекти за решението на българския въпрос (Запис номер 391720)
[ съкратено ]
| 000 -Лидер | |
|---|---|
| Контролно поле с фиксирана дължина | 02888nmm a2200361 c 4500 |
| 003 - Код на организацията, давaща контролен номер | |
| Контролно поле | BLK |
| 005 - Дата и час на последна редакция | |
| Контролно поле | 20230720094341.0 |
| 008 - Елементи от данни с фиксирана дължина | |
| fixed length control field | 180410b bul|||||r ||||||| ||bul|| |
| 010 ## - Наследен системен номер | |
| LC control number | KNG00164013000 |
| 037 ## - Източник за комплектуване - предоставяща организация | |
| Баркод или инв.номер в предоставящата организация | 3239/66 |
| Предоставяща организация (билиотека) | Читалище "Постоянство" 1856 - Лом |
| 040 ## - Източник на каталожния запис | |
| Идентификатор на билиотеката - собственик на записа | BLK |
| 041 ## - Код за език | |
| Код за езика на текст/звукозапис или на отделно заглавие | Български |
| Код за езика КДБФ | Български |
| 080 ## - УДК | |
| Текстов определител УДК | Църковен национален въпрос. Обособяване на самостоятелна българска църква. Създаване на Българска екзархия |
| УДК код - определител по УДК | 94(497.2)"1870" |
| УДК - код + определител | 94(497.2)"1870" |
| 100 ## - Редна дума - Автор | |
| Автор | Кръстевич, Гаврил Баев |
| Дати, свързани с автора | 1817- 1898 |
| Автор - информация (биография) | Юрист, историк, общественик. Един от учредителите на Българската екзархия и главен управител на Източна Румелия (1884-1885). Редактор и сътрудник на сп. "Български книжици" (1859). Преводач от френски език. Почетен член на Българското книжовно дружество (1871). |
| Пълна форма на името | Баев, Гандьо Кътьов, 1817-1898 (истинско име); Крестович, Гаврил, 1817-1898; Кръстьович, Гаврил, 1817-1898 |
| Авторска отговорност | първи автор |
| R(LIN) | 377373 |
| 139 ## - Редно поле | |
| Редна дума | Кръстевич, Гаврил Баев |
| Авторски знак | Кръ - К 92 |
| 245 10 - Сведения за заглавието | |
| Заглавие | Опровержение на възражението на Великата църква против издадените от правителството проекти за решението на българския въпрос |
| Редно поле (дума) | Гаврил Кръстевич ; превел от първообразното Н. Михайловский. |
| 257 ## - Страна на издаване | |
| Страна на създаване/издаване | България |
| 260 ## - Област на издателските данни | |
| Място на издаване, разпространение и проч. | [Цариград] |
| Име на издателя, разпространителя и проч. | Печ. на в-к Македония |
| Година на издаване | 1869 |
| 300 ## - Физическа характеристика | |
| Страници | 47 с. |
| Размери/Мащаб | 24 см |
| 380 ## - Жанр | |
| Жанр | История |
| 490 ## - СЕРИИ (Колекции) | |
| 9 (RLIN) | 410374 |
| Име на серия | Писмените съкровища на Долен Дунав |
| 500 ## - Общи забележки | |
| Забележка | Книгата е от Народно читалище "Постоянство" 1856 - Лом по проект "Писмените съкровища на Долен Дунав".<br/>Името на авт. е взето от БВК, т. 1. - Мястото на изд. е опр. по местонахожд. на печатницата. |
| 650 #0 - Допълнително описание по предмет – тема | |
| Основно описание – тема или топоним | Църковно-национална борба - България |
| 9 (RLIN) | 270296 |
| 653 #7 - Ключова дума – ненормативна | |
| Ключова дума | българска православна църква |
| 9 (RLIN) | 182653 |
| 653 #0 - Ключова дума – ненормативна | |
| Ключова дума | църковен въпрос |
| 9 (RLIN) | 415995 |
| 700 ## - Други автори (авторска отговорност) | |
| Лично име | Михайловски, Никола Стоянов |
| Автороска отговорност (Описва отношението между автора и произведението) | прев. |
| 9 (RLIN) | 288341 |
| 856 ## - Електронен адрес и достъп | |
| Електронен формат | pdf - файл |
| Път до файла /url/ | http://87.120.137.51:18080/cgi-bin/koha/opac-retrieve-file.pl?id=242d0c9b9dce72836c89165df4c1c8fc |
| Инструкция (цена за достъп) | 0.00 |
| Права за достъп | disable |
| 999 ## - СИСТЕМНИ КОНТРОЛНИ НОМЕРА | |
| Koha biblionumber | 391720 |
| Koha biblioitemnumber | 391720 |
| 942 ## - АРТИКУЛИ | |
| Вид на библиотечния материал | Електронен екземпляр |
| Скрит в OPAC | Не |
| Периодичен библиозапис | Да |
| 944 ## - СЪЗДАВАНЕ И РЕДАКЦИЯ на ЗАПИСА | |
| Създаване/Редакция | Създаване |
| Дата на регистрацията/редакция | 2020-11-20 |
| Служител, извършил регистрацията/редакцията | 30529 |
| Статус, дата на статуса | Диана Гривева |
| 944 ## - СЪЗДАВАНЕ И РЕДАКЦИЯ на ЗАПИСА | |
| Създаване/Редакция | Редакция |
| Дата на регистрацията/редакция | 2023-04-04 |
| Служител, извършил регистрацията/редакцията | Кети |
| 999 ## - СИСТЕМНИ КОНТРОЛНИ НОМЕРА | |
| Koha biblioitemnumber | 391720 |
| 999 ## - СИСТЕМНИ КОНТРОЛНИ НОМЕРА | |
| Koha biblioitemnumber | 391720 |
| Код за отписване | Код за изгубен артикул | Източник на класификационната схема | Код за повреда | Коз за рестрикции | Код за отдаване | Артикулен № | Име на библиотеката - собственик | Име на библиотеката, в която се намира в момента | Статус (Текущо местоположение) | Дата на вписване в системата | Местоположение - отдел | Цена в лева | Инвентарен номер | Баркод | Цена в евро | Служебен тип на артикула |
|---|---|---|---|---|---|---|---|---|---|---|---|---|---|---|---|---|
| Не е изгубен | Universal Decimal Classification | Не е повреден | без рестрикции | заемане за дома | 810647 | Регионална библиотека "Любен Каравелов" Русе | Регионална библиотека "Любен Каравелов" Русе | ROBG-290 Писмените съкровища на Долен Дунав | 2021-02-05 | ROBG-290 Писмените съкровища на Долен Дунав | 0.00 | 3239/66 | 700000000176 | 0.00 | Електронен екземпляр |